| 000 | 01941nam a2200325 a 4500 | ||
|---|---|---|---|
| 999 |
_c347336 _d347336 |
||
| 003 | BLK | ||
| 005 | 20250606095659.0 | ||
| 008 | 191217b bu |||||r|||| 00| 0 bu d | ||
| 020 | _a9789544748388 | ||
| 040 | _aBLK | ||
| 041 |
_aBUL _cBUL |
||
| 080 |
_aХигиена на храненето. Режим на храненето. Вж и 612.39 ; 614.3 ; 615.874 ; 641 _b613.2 _z613.2 |
||
| 080 |
_aНедохранване. Прехранване - Постене, диета, хранителен режим за отслабване, режим за напълняване. Вж и 615.874 _b613.24/.25 _z615.874 |
||
| 100 |
_aГейтс, Дона _eпърви автор _91299 |
||
| 139 |
_aГейтс, Дона _bГ 28 |
||
| 245 |
_aДиетата за екологията на тялото _bвъзстановяване на здравето и изграждане на имунитет _cДона Гейтс, Линда Шатц ; прев. от англ. Биляна Дукова |
||
| 260 |
_9209528 _aСофия _bКибеа _c2019 _fСофия : Симолини 94 |
||
| 300 |
_a392 с. _bс табл. _c22 см |
||
| 380 | _a61 | ||
| 500 | _aОриг. загл.: The body ecology diet / Donna Gates. - Силата на вътрешната екология / Димитър Пашкулев: с. 11-12. - Биогр. данни за авт. отбелязани на с. 2. - Библиогр.: с. 383-387 | ||
| 650 | 0 |
_9244313 _aХранене - хигиена |
|
| 650 | 0 |
_9244312 _aЛечебно хранене |
|
| 700 |
_aШатц, Линда _eсъавт. _91445 |
||
| 700 |
_9345410 _aДукова, Биляна _eпрев. от англ. |
||
| 700 |
_9366525 _aПашкулев, Димитър Любенов _eпод науч. ред. на |
||
| 730 |
_aThe body ecology diet _9401486 |
||
| 942 |
_cKNG _n0 _s1 _04 |
||
| 944 |
_aCR _c2019-12-17 _k30576 _lЦветомила Тодорова |
||
| 999 | _d347336 | ||